| 000 | 004230000a22001690004500 | ||
|---|---|---|---|
| 003 | MACL | ||
| 005 | 20150825123258.0 | ||
| 008 | 150825b xxu||||| |||| 00| 0 eng d | ||
| 040 |
_aMACL _cMACL |
||
| 041 | _aEnglish | ||
| 082 | _a700 | ||
| 100 |
_aBoothalingam, Mathuram _97257 |
||
| 245 |
_aMovement in Stone _bThe Early chola Temple |
||
| 260 |
_bNationl _c1985 _aNew Delhi |
||
| 650 |
_aArts _97258 |
||
| 942 |
_cBK _k700 _2ddc |
||
| 999 |
_c6291 _d6291 |
||